Statistics for Famous People born in Glasgow - Picture Quiz

Click here to take the quiz!

General Stats

  • This quiz has been taken 401 times
  • The average score is 7 of 15

Answer Stats

Answer% Correct
Gordon Brown
87%
Alex Ferguson
81%
Billy Connolly
80%
Robbie Coltrane
71%
Lulu
62%
John Barrowman
52%
Colin Montgomerie
50%
Robert Carlyle
49%
Mark Knopfler
36%
Angus Young
34%
Sharleen Spiteri
31%
Donovan
30%
Gerry Rafferty
18%
David McCallum
16%
Thomas Lipton
8%

Score Distribution

Percentile by Number Answered

Percent of People with Each Score

Your Score History

You have not taken this quiz